书目信息 |
| 题名: |
相遇经典
|
|
| 作者: | 谷桃 主编 | |
| 分册: | ||
| 出版信息: | 哈尔滨 北方文艺出版社 2022.06 |
|
| 页数: | 216页 | |
| 开本: | 24cm | |
| 丛书名: | 名师名校名校长书系 | |
| 单 册: | ||
| 中图分类: | J605.1 | |
| 科图分类: | ||
| 主题词: | 英语--ying yu--歌曲--音乐欣赏--世界 | |
| 电子资源: | ||
| ISBN: | 978-7-5317-4997-4 | |
| 000 | 01129nam 2200301 450 | |
| 001 | CAL 012022021555 | |
| 005 | 20230217093112.0 | |
| 010 | @a978-7-5317-4997-4@dCNY45.00 | |
| 100 | @a20220922d2022 em y0chiy0120 ea | |
| 101 | 0 | @achi@aeng |
| 102 | @aCN@b230000 | |
| 105 | @aa z 000yy | |
| 106 | @ar | |
| 200 | 1 | @a相遇经典@Axiang yu jing dian@e英文歌曲里的意韵@f谷桃主编 |
| 210 | @a哈尔滨@c北方文艺出版社@d2022.06 | |
| 215 | @a216页@c图@d24cm | |
| 225 | 2 | @a名师名校名校长书系@Aming shi ming xiao ming xiao zhang shu xi |
| 312 | @a英文题名取自封面 | |
| 314 | @a谷桃, 教育硕士, 兰州市金城名师, 兰州市高中英语谷桃名师工作室领衔人。 | |
| 330 | @a本书主要内容包括: 雪绒花、我心依旧、电话诉衷情、奔放的旋律、我将永远爱你、与你相依、对你倾情、月亮河、寂静之声、卡萨布兰卡、今夜你是否感受到爱等。 | |
| 410 | 0 | @12001 @a名师名校名校长书系 |
| 510 | 1 | @aMeet the classic@zeng |
| 517 | 1 | @a英文歌曲里的意韵@Aying wen ge qu li de yi yun |
| 606 | 0 | @a英语@Aying yu@x歌曲@x音乐欣赏@y世界 |
| 690 | @aJ605.1@v5 | |
| 701 | 0 | @a谷桃@Agu tao@4主编 |
| 801 | 0 | @aCN@bBJXHZP@c20230228 |
| 905 | @b1381279-82@dJ605.1@e1472@f4 | |
| 相遇经典:英文歌曲里的意韵/谷桃主编.-哈尔滨:北方文艺出版社,2022.06 |
| 216页:图;24cm.-(名师名校名校长书系) |
| ISBN 978-7-5317-4997-4:CNY45.00 |
| 本书主要内容包括: 雪绒花、我心依旧、电话诉衷情、奔放的旋律、我将永远爱你、与你相依、对你倾情、月亮河、寂静之声、卡萨布兰卡、今夜你是否感受到爱等。 |
| ● |
| 相关链接 |
|
|
|
|
正题名:相遇经典
索取号:J605.1/1472
 
预约/预借
| 序号 | 登录号 | 条形码 | 馆藏地/架位号 | 状态 | 备注 |
| 1 | 1381279 | 213812793 | 第一样本阅览室/ [索取号:J605.1/1472] | 在馆 | |
| 2 | 1381280 | 213812800 | 第一借阅区/ [索取号:J605.1/1472] | 在馆 | |
| 3 | 1381281 | 213812819 | 第一借阅区/ [索取号:J605.1/1472] | 在馆 | |
| 4 | 1381282 | 213812828 | 第一借阅区/ [索取号:J605.1/1472] | 在馆 |